000 00864nam a22002297a 4500
001 6107
003 FISKH
005 20250521143143.0
008 250314b cb ||||| |||| 00| 0 eng d
040 _aFISKH
_bKhmer
_cFISKH
_dFISKH
050 _aPZ7
100 _aSavior, Long
245 _aវិជ្ជាធ្វើម្ហូប បែបទំនើប /
_cអ្នកគ្រូ ឡុង សាវីន័
260 _aPhnom Penh :
_bPai Net ;
300 _a140 pages :
_billustrations ;
_c20 cm .
520 _aសៀវភៅនេះបង្ហាញពីរបៀបធ្វើម្ហូប​។​
520 _aThis book shows how to cook.
650 _a វិជ្ជាធ្វើម្ហូប បែបទំនើប
_vចុងភៅ
650 _aModern cooking skills
_vcook
942 _2ddc
_cKHB
_n0
999 _c6107
_d6107